00305nam a2200133Ia 45000030006000000080041000060400015000471000020000622450020000822600036001023000006001385460010001440050017001540STCL150530s9999 xx 000 0 und d aSTCLcSTCL aSohanlal Divedi aJai Jai Swadesh bSahitya Prakashan ; Delhic1945 a0 aHindi20220125171212.0